| 000 | 00815nam a22002057a 4500 | ||
|---|---|---|---|
| 001 | 129912 | ||
| 003 | ES-SlBCS | ||
| 005 | 20260312091937.0 | ||
| 008 | 260312b ||||| |||| 00| 0 spa d | ||
| 017 | _aM 3237-2025 | ||
| 020 | _a978-84-8440-896-3 | ||
| 040 |
_aES-SlBCS _bspa _dES-SlBCS |
||
| 100 | 1 |
_aPérez Garcìa, José Ignacio (coord.) - Moreno Losada, José - Acevedo Gòmez, Casto - González Visuete - Morquecho Gil, Juan Antonio _9429390 |
|
| 245 | 1 |
_aAllí donde nos necesitas abrimos camino a la esperanza. Cuaresma y Pascua 2025. Guiones litúrgicos Ciclo C _bGuiones litúrgicos Ciclo C _cCARITAS |
|
| 260 |
_aMadrid _bCARITAS Española _c2025 |
||
| 300 |
_a262 p., _c21 cm. |
||
| 490 | 0 | _aGuiones litúrgicos Ciclo C | |
| 650 | 0 |
_aLITURGIA _vGuiones litúrgicos Ciclo C _9429391 |
|
| 942 |
_2lcc _cBK |
||
| 999 |
_c904032 _d904032 |
||